| 000 | 00763nam a2200157 a 4500 | ||
|---|---|---|---|
| 008 | 120416s1972 ||||||||||||||||| || u | ||
| 050 | _aDT 8750 Kaz | ||
| 100 | _aKazembe, Ian | ||
| 245 | 1 | 0 | _aDiscovering Zambia |
| 260 |
_aSingapore _bMcGraw-Hill _c1972 |
||
| 300 | _a(ii), 92p. : ill. | ||
| 350 | _a0.00 | ||
| 995 |
_aMAIN LIBRARY OPEN ACCESS _D0.00 _e001070 _FCBU-MAIN LIBRARY (Kitwe) _H1 _I2.95 _jDT 8750 Kaz _UAVAILABLE _y001070 _ZMain Library Open Access Collection |
||
| 995 |
_aSPECIAL COLLECTIONS _D0.00 _e718206 _FCBU-MAIN LIBRARY (Kitwe) _H2 _I2.95 _jZAM DT 8750 Kaz _M3 _UAVAILABLE _y018641 _ZZambiana Collection |
||
| 995 |
_aMAIN LIBRARY OPEN ACCESS _D0.00 _e001678 _FCBU-MAIN LIBRARY (Kitwe) _H3 _I2.95 _jDT 8750 Kaz _UAVAILABLE _y001678 _ZMain Library Open Access Collection |
||
| 999 |
_c63591 _d63591 |
||